[Event "Voronezh op-B 23rd"]
[Site "Voronezh"]
[Date "2019.06.17"]
[Round "6"]
[White "Sosnovsky, Maksim"]
[Black "Lozovoi, Georgy"]
[Result "1-0"]
[WhiteElo "1472"]
[BlackElo "1328"]
[PlyCount "49"]
[EventDate "2019.06.12"]
[EventType "swiss"]
[EventRounds "9"]
[EventCountry "RUS"]
[SourceTitle "EXT 2020"]
[Source "ChessBase"]
[SourceDate "2019.10.17"]
[SourceVersion "1"]
[SourceVersionDate "2019.10.17"]
[SourceQuality "1"]

1. d4 d5 2. c4 e6 3. Nc3 Nf6 4. Nf3 c5 5. Bf4 a6 6. e3 Nc6 7. cxd5 exd5 8. Be2 Be7 9. 0-0 0-0 10. Rc1 c4 11. a4 Na5 12. Nd2 Qb6 13. Qc2 Be6 14. Rb1 Qc6 15. b4 cxb3 16. Nxb3 Nxb3 17. Qxb3 Bc8 18. Rfc1 Qd6 19. Bxd6 Bxd6 20. Nxd5 Ne4 21. Rc2 Be6 22. Bc4 b5 23. axb5 axb5 24. Ne7+ Bxe7 25. Bxe6 1-0

[Event "Voronezh op-B 23rd"]
[Site "Voronezh"]
[Date "2019.06.13"]
[Round "2"]
[White "Sosnovsky, Maksim"]
[Black "Astakhov, Alexander"]
[Result "1/2-1/2"]
[WhiteElo "1472"]
[BlackElo "1733"]
[PlyCount "134"]
[EventDate "2019.06.12"]
[EventType "swiss"]
[EventRounds "9"]
[EventCountry "RUS"]
[SourceTitle "EXT 2020"]
[Source "ChessBase"]
[SourceDate "2019.10.17"]
[SourceVersion "1"]
[SourceVersionDate "2019.10.17"]
[SourceQuality "1"]

1. d4 Nf6 2. c4 e5 3. d5 Bc5 4. e3 d6 5. Nf3 Bg4 6. Be2 Nbd7 7. Nc3 e4 8. Nd4 Bxe2 9. Qxe2 0-0 10. 0-0 Re8 11. Rd1 Nf8 12. a3 a6 13. b4 Bb6 14. Bb2 Ng6 15. Rac1 Qd7 16. Nb3 Qf5 17. Na4 Nh4 18. Nxb6 cxb6 19. Bxf6 Qxf6 20. Qg4 Re5 21. Qe2 Qg6 22. g3 Nf3+ 23. Kg2 Rh5 24. Rh1 Qg4 25. h3 Rxh3 26. Rxh3 Nh4+ 27. Kf1 Qxh3+ 28. Ke1 Nf3+ 29. Kd1 Qd7 30. Kc2 Ne5 31. Kb1 Qa4 32. Ka2 Nd3 33. Rc3 Nxb4+ 34. Kb2 Nd3+ 35. Ka2 Rc8 36. Nd2 f5 37. g4 Qd7 38. gxf5 Qxf5 39. f3 Nc5 40. fxe4 Nxe4 41. Nxe4 Qxe4 42. Kb2 Re8 43. Rb3 Qe5+ 44. Ka2 Qg5 45. Rxb6 Rxe3 46. Qf1 Qg3 47. Rxb7 Rxa3+ 48. Kb1 Rf3 49. Rb8+ Kf7 50. Rb7+ Kg6 51. Qd1 Qf4 52. Qc2+ Kh6 53. Rb2 Rh3 54. Ka2 g5 55. Rb7 Kh5 56. Rxh7+ Kg4 57. Rxh3 Kxh3 58. Qd3+ Kg4 59. Qe2+ Kh4 60. Qe1+ Kh5 61. Qe8+ Kg4 62. Qe2+ Kg3 63. Qe1+ Kf3 64. Qf1+ Ke3 65. Qxf4+ gxf4 66. c5 f3 67. cxd6 f2 1/2-1/2